| 000 | 00486nam a2200157 i 4500 | ||
|---|---|---|---|
| 001 | 85575 | ||
| 003 | ES-MaACL | ||
| 005 | 20230906175251.0 | ||
| 007 | t| | ||
| 008 | 041129s1951 sp ||||1| spa d | ||
| 100 | 1 |
_aJuez Nieto, Antonio. _967200 |
|
| 245 | 1 | 0 |
_aPor nuestros caminos _b: historia ingenua de dos almas felices / _cAntonio Juez Nieto. |
| 260 |
_aBadajoz : _bArqueros, _c[1951] |
||
| 300 |
_a394 p., 40 lám. : _bretr. aut. ; _c22 cm. |
||
| 852 |
_aES-MaACL _jD-5346 _bR.31322 |
||
| 999 |
_c85575 _d85575 |
||